000 00769cab a2200265 4500
001 WB2901-69
008 090401t1992 xxu||||| |||| 00| 0 eng d
035 _a(Sirsi) u18671
041 _aeng
245 _aFlood risk planning circular
260 _c1992
350 _a0
490 _aDoE News Release
_v(847) 16 December 1992 (2)
520 _aDoE Circular 30/92 "Development and flood risk" advises local authorities on inland as well as coastal threats.
650 _aCOASTAL DEFENCES
650 _aFLOODING
650 _aGLOBAL WARMING
650 _aNATIONAL RIVERS AUTHORITY
650 _aPLANNING POLICY GUIDANCE NOTE 20
650 _aSEA LEVEL
650 _aWATER
690 _aPLANNING LAW AND PRACTICE
942 _n0
948 _c04/03/1997
999 _c12425
_d12425